Ajuste de variables climáticas para el desarrollo de un modelo de erosión eólica para la región semiárida pampeana /

Guardado en:
Otros Autores: Panebianco, Juan Esteban. (Disertante), Buschiazzo, Daniel Eduardo. (Orientador)
Formato: Manuscrito
Idioma:Spanish
Publicado: 2010.
Materias:
Etiquetas: Agregar Etiqueta
Sin Etiquetas, Sea el primero en etiquetar este registro!
LEADER 00993ntm a22002295a 4500
001 EEA.libagro009337
005 20140205125209.0
008 100907s2010####ag#a#####bm###000#0#spa#d
100 1 |a Panebianco, Juan Esteban.  |4 dis 
245 1 0 |a Ajuste de variables climáticas para el desarrollo de un modelo de erosión eólica para la región semiárida pampeana /  |c Juan Esteban Panebianco. 
260 |c 2010. 
300 |a 152 p. :  |b il. ;  |c 30 cm. 
500 |a "Tesis de Doctor en Agronomía". 
500 |a Director de tesis: Daniel Eduardo Buschiazzo. 
502 |a Tesis (doctoral)--Universidad Nacional del Sur. Departamento de Agronomía, 2010. 
504 |a Incluye referencias bibliográficas (p. 129-137). 
530 |a Disponible también en formato digital. 
650 7 |a Cambios climáticos.  |2 unbist 
650 7 |a Suelos.  |2 unbist 
700 1 |a Buschiazzo, Daniel Eduardo.  |4 ths 
710 2 |a Universidad Nacional del Sur.  |4 dgg 
859 |a AR-BbBCA  |b BIB. AGRONOMIA  |h 040  |i B148 2010-1026  |p 121689/010